000 00379pab a2200145 454500
008 180718b1990 xxu||||| |||| 00| 0 eng d
100 _aBoyne, George A.
245 _aCentral grants and local policy variation
260 _c1990
300 _a207-33
362 _aSummer
650 _aLocal Government - Federal Aid - U.K.
773 _aPublic Administration
909 _a12923
999 _c12923
_d12923